|
|
|
|
| LEADER |
00000nam a2200000 a 4500 |
| 001 |
vtls001074888 |
| 003 |
SK-MaSNL |
| 005 |
20260301111046.0 |
| 008 |
251031s1993 xo 0 cze |
| 015 |
|
|
|a SNBA1994/05
|
| 020 |
|
|
|a 8071501530
|q (brož.)
|
| 035 |
|
|
|a SNK000017720
|
| 040 |
|
|
|a SNK
|b slo
|c SNK
|e AACR2
|
| 041 |
0 |
|
|a cze
|
| 044 |
|
|
|a xo
|c SK
|
| 080 |
|
|
|a 633.72+663.95(035)=850
|2 1981
|
| 080 |
|
|
|a 663.95
|2 1981
|
| 100 |
1 |
|
|a Norman, Jill
|4 aut
|9 277637
|
| 240 |
1 |
4 |
|a The National Trust Little Library - Teas and Tisanes
|l Česky
|
| 245 |
1 |
0 |
|a Čaje a byliny
|c Jill Norman, Gwen Edmonds ; Přel. Marie Marková
|
| 250 |
|
|
|a 2. vyd.
|
| 260 |
|
|
|a Bratislava
|b Champagne avantgarde
|a London
|b Dorling Kindersley
|c 1993
|e Martin
|f Neografia
|
| 300 |
|
|
|a 39 s.
|b Fotogr.
|c 16 cm
|
| 490 |
0 |
|
|a Malá knihovna encyklopedie kulinárního umění
|v sv. 1
|
| 500 |
|
|
|a Sadzba: TYPO setter
|
| 500 |
|
|
|a Ilustr. na tit. liste a predsádkach
|
| 700 |
1 |
|
|a Edmonds, Gwen
|4 aut
|9 449649
|
| 700 |
1 |
|
|a Marková, Marie
|4 trl
|9 45556
|
| 852 |
|
|
|a Slovenská národná knižnica
|
| 919 |
|
|
|a 80-7150-153-0
|
| 958 |
|
|
|a APR
|
| 958 |
|
|
|a BQ
|
| 958 |
|
|
|a TL
|
| 958 |
|
|
|a OP
|
| 958 |
|
|
|a CZ
|
| 968 |
|
|
|d Z angl. orig.
|
| 999 |
|
|
|c 705304
|d 707234
|
| 952 |
|
|
|t P60, <04>, [BOOK], {604}
|a SNK
|b SNK
|y VYP
|7 0
|p 17A0346762
|o snkSD 66026 D1
|i snkKSP 2822/94
|0 0
|1 0
|4 0
|d 2002-06-24
|l 0
|r 2004-12-31 00:00:00
|w 2026-02-23
|
| 952 |
|
|
|a SNK
|b SNK
|y PREZ
|7 0
|p 17A1020628
|o snkSD 66026
|0 0
|1 0
|4 0
|d 2013-07-17
|l 0
|r 2026-02-23 21:13:38
|w 2026-02-23
|